00500nam a2200193 a 4500001001300000003000900013005001700022008004100039020001000080082001500090100001500105245005700120260002300177300000800200500003500208505001400243650003400257700001500291nice12345678IN_TiNIC20260116011438.0050524s1960 lona grp 000 0 eng  ac10000a220.1bHOD aHodgson, L aOn the Authority of the Bibleb Some Recent Studies. aLondonbSpckc1960 a96p aincludes index and biblioraphy2 aReference aBible-Evidences and Authority1 aHodgson, L